Vista normal
Vista MARC
- Morillo, Grace
Entrada Autor personal
Número de registros utilizados en: 1
001 - NUMERO DE CONTROL
- Campo de control: 1018
003 - IDENTIFICADOR DE NUMERO DE CONTROL
- Campo de control: CO-MdFUSB
005 - HORA Y FECHA DE LA ULTIMA TRANSACCIÓN
- Campo de control: 20171010162829.0
008 - CAMPO DE LONGITUD FIJA
- Campo fijo de descripción fija: 171010|| aca||aabn | a|a d
040 ## - AGENCIA DE CATALOGACIÓN ORIGINAL
- Lenguaje de catalogación: spa
- Agencia que hace la transcripción: CO-MdFUSB
100 ## - AUTOR PERSONAL
- Autor personal: Morillo, Grace
370 ## - LUGARES ASOCIADOS
- País asociado: Colombia
372 ## - FIELD OF ACTIVITY
- Campo de actividad: Maestría en estudios Latinoamericanos en conservación de recursos tropicales
372 ## - FIELD OF ACTIVITY
- Campo de actividad: Maestría en Artes en el Ministerio Cristiano
373 ## - GRUPO ASOCIADO
- Grupo asociado: Comunidad de Estudios Teológicos Interdisciplinarios
374 ## - OCUPACIÓN
- Ocupación: Secretaria.
375 ## - GENERO
- Género: Femenino.
377 ## - IDIOMA ASOCIADO
- Código del idioma: Español
670 ## - FUENTE EN LA QUE SE LOCALIZARON DATOS
- Fuente: Journal of Latin American Theology, 2016
- Fuente de información: (Grace Morillo)
